[Event "BCF-chT3 2224 (4NCL)"]
[Site "England"]
[Date "2023.11.12"]
[Round "2.26"]
[White "Thompson, Keith"]
[Black "Buckland, Louis"]
[Result "0-1"]
[WhiteElo "1882"]
[BlackElo "1846"]
[PlyCount "86"]
[EventDate "2023.11.11"]
[EventType "team-tourn"]
[EventRounds "11"]
[EventCountry "ENG"]
[SourceTitle "CB48_2023"]
[SourceDate "2023.11.29"]
[SourceVersion "1"]
[SourceVersionDate "2023.11.29"]
[SourceQuality "1"]
[WhiteTeam "Hull & East Riding Tigers"]
[BlackTeam "Sussex Martlets II"]
[WhiteTeamCountry "ENG"]
[BlackTeamCountry "ENG"]

1. e4 c6 2. d4 d5 3. Nc3 dxe4 4. Nxe4 Nf6 5. Nxf6+ exf6 6. c3 Bd6 7. Bc4 0-0 8. Ne2 Re8 9. 0-0 Qc7 10. Ng3 Nd7 11. Re1 Rxe1+ 12. Qxe1 Nf8 13. Bd2 Bd7 14. Qe2 Re8 15. Qh5 Be6 16. Bd3 Bf4 17. Be3 b5 18. Qf3 Bxe3 19. fxe3 Qd7 20. a4 bxa4 21. e4 Bb3 22. Nf5 Ng6 23. Qg4 Be6 24. Rxa4 c5 25. Rc4 cxd4 26. Rxd4 Qc7 27. Qg3 Qxg3 28. Nxg3 Ne5 29. Be2 g6 30. h3 Rb8 31. Rd2 a5 32. Nf1 Bc4 33. Ne3 Bxe2 34. Rxe2 Rd8 35. Nd5 Kg7 36. Kf2 f5 37. Nb6 fxe4 38. Rxe4 Nd3+ 39. Kg3 Nxb2 40. Re5 a4 41. Ra5 Rd3+ 42. Kh2 Rxc3 43. Nxa4 Ra3 0-1

[Event "WLS-chT 1415"]
[Site "Cardiff"]
[Date "2014.10.19"]
[Round "1.11"]
[White "Thompson, Keith"]
[Black "Spencer, Douglas"]
[Result "0-1"]
[WhiteElo "1747"]
[BlackElo "2000"]
[PlyCount "130"]
[EventDate "2014.10.19"]
[EventType "team-swiss"]
[EventRounds "7"]
[EventCountry "WLS"]
[SourceTitle "EXT 2016"]
[Source "ChessBase"]
[SourceDate "2015.10.08"]
[SourceVersion "1"]
[SourceVersionDate "2015.10.08"]
[SourceQuality "1"]

1. e4 e5 2. Nf3 Nf6 3. Nxe5 d6 4. Nf3 Nxe4 5. d4 d5 6. Bd3 Nc6 7. 0-0 Be7 8. c4 Bg4 9. Nc3 Nxc3 10. bxc3 0-0 11. Rb1 dxc4 12. Bxc4 Na5 13. Be2 b6 14. h3 Be6 15. Qc2 Bc4 16. Re1 Bf6 17. Bf4 c6 18. Ne5 Bxe5 19. Bxe5 f6 20. Bf4 Re8 21. Bf3 Qd7 22. Be4 g6 23. Re3 f5 24. Bf3 Bd5 25. Rbe1 Bxf3 26. gxf3 Nc4 27. Qb3 b5 28. a4 a6 29. Bg5 Rxe3 30. Rxe3 Re8 31. axb5 axb5 32. Rxe8+ Qxe8 33. Kg2 Kg7 34. Qa2 Qd7 35. Qa8 h6 36. Bf4 g5 37. Bb8 Qe6 38. Qb7+ Kg6 39. Ba7 Qd5 40. Qe7 g4 41. hxg4 fxg4 42. Qe4+ Qxe4 43. fxe4 Nd2 44. d5 cxd5 45. exd5 Ne4 46. Bd4 Kf5 47. f3 gxf3+ 48. Kxf3 Nd2+ 49. Ke2 Nc4 50. Kd3 h5 51. Ke2 Ke4 52. Kf2 Kxd5 53. Kg3 Nd6 54. Bh8 Kc4 55. Kh4 Ne4 56. Bg7 Nxc3 57. Bf8 Ne4 58. Kxh5 Nc5 59. Bg7 b4 60. Kg4 Ne4 61. Bf8 b3 62. Ba3 Kc3 63. Kf4 Kd3 64. Ke5 Nc3 65. Kf4 Kc2 0-1